000 00689cab a2200205 4500
001 X90113
008 090401t1998 xxu||||| |||| 00| 0 eng d
035 _a(Sirsi) u84564
041 _aeng
245 _aMatthew Hall Ortech Ltd v Tarmac Roadstone Ltd
260 _c1998
350 _a0
490 _aConstruction Industry Law Letter
_v[1998] CIL 1337-1341(4)
520 _aConstruction of c138.5 of MF/1 - the effect of final certificate for claims in both contract and tort. HEADNOTE FROM JOURNAL.
650 _aFINAL CERTIFICATE
650 _aMATTHEW HALL ORTECH LTD V TARMAC ROADSTONE LTD
690 _aBUILDING AND CONSTRUCTION-CASE LAW
942 _n0
948 _c27/02/1998
999 _c53151
_d53151